000 01028nam a22003017a 4500
003 CHAP
005 20220329135013.0
008 971013s1972 r 00010 d
010 _a29366
011 _a30338
035 _a34450
040 _cCHAP
090 _aTesis
100 0 0 _aKritzler Hahne, Juan Joaquín.
_963945
245 _aEstudio de la biología y de los hábitos de la palomilla del girasol (Homoeosoma electellum Hulst), en Apodaca, N. L.
260 _aMonterrey, N. L. :
_bEl autor,
_c1972
300 _a84 h.
502 _aTesis (Ing. Agr. Fitotecnista) -- ITESM. División de Ciencias Agropecuarias y Marítimas
590 _aALEPH
_b10
_c20130110
_lUCH01
_h1251
590 _aBATCH-UPD
_b10
_c20130110
_lUCH01
_h0103
590 _aBATCH-UPD
_b10
_c20130409
_lUCH01
_h2052
590 _aBATCH-UPD
_b10
_c20130914
_lUCH01
_h1710
590 _aCONVERSION
_b10
_c20130109
_lUCH01
_h1317
650 1 4 _aPalomilla del girasol.
_985017
901 _aBK
942 _cTESIS
949 _bBC
_cTES
_d-79732
_eTS1
_i34450
_si
999 _c29366
_d29366